| 000 | 00437cam a2200169ua 4500 | ||
|---|---|---|---|
| 020 | _c25 | ||
| 041 |
_aeng _h |
||
| 082 |
_a828.09 _bJAM/SC |
||
| 100 | _aJames, D G . | ||
| 245 |
_aScepticism and poetry ; An essay on the poetic imagenation / _cD G James. _hTextual Documents |
||
| 260 |
_a : _bLondon George Allen & Unwin Ltd , _c1960. |
||
| 300 | _a280 ; . | ||
| 365 | _a25 | ||
| 504 | _a | ||
| 942 | _cBK | ||
| 999 |
_c3081 _d3081 |
||